LIBRARY & INFORMATION CENTRE, KCAET, TAVANUR

ONLINE PUBLIC ACCESS CATALOGUE (OPAC)

Mechanical fault diagnostic and and condition monitoring / (Record no. 1477)

MARC details
000 -LEADER
fixed length control field 00452cam a2200169ua 4500
041 ## - LANGUAGE CODE
Language code of text/sound track or separate title eng
082 ## - DEWEY DECIMAL CLASSIFICATION NUMBER
Classification number 621.816
Item number COL/ME
100 ## - MAIN ENTRY--AUTHOR NAME
Personal name Collacott, R.A.
245 ## - TITLE STATEMENT
Title Mechanical fault diagnostic and and condition monitoring /
260 ## - PUBLICATION, DISTRIBUTION, ETC. (IMPRINT)
Place of publication London :
Name of publisher Chapman and Hall Ltd ,
Year of publication 1977.
300 ## - PHYSICAL DESCRIPTION
Number of Pages 479 ; .
942 ## - ADDED ENTRY ELEMENTS (KOHA)
Koha item type Books
Holdings
Withdrawn status Lost status Damaged status Home library Current library Date acquired Full call number Accession Number Koha item type
      KAUAET KAUAET 27/03/1987 621.816 16227 Books
free website counter